000 00424nam a2200109Ia 4500
008 160909s9999 xx 000 0 und d
100 _aGavin, Courtney L.
245 2 _aA Phenomenological Analysis of the Advanced Placement Experiences of American Indian/Alaskan Native Students
260 _bThe George Washington University
_c2016
650 _aEDUC/SPED
856 _uhttp://pqdtopen.proquest.com/doc/1778511365.html?FMT=ABS
999 _c305101
_d305101